| 000 | 00538nam a2200181Ia 4500 | ||
|---|---|---|---|
| 003 | GCL | ||
| 008 | 140319s9999 xx 000 0 ara d | ||
| 040 |
_aGCL / _cGCL |
||
| 082 | 0 | 4 |
_a813.01 _bم ر |
| 100 | 1 | _aمكاوى سعيد | |
| 245 | 1 | 0 |
_aالركض وراء الضوء / _cمكاوى سعيد |
| 300 | _a118 ص | ||
| 490 |
_aقصص قصيرة _v0 |
||
| 650 | 0 | 4 | _aالقصص القصيرة |
| 650 | 0 | 4 | _aالقصص العربية القصيرة |
| 650 | 0 | 4 | _aالادب العربى - العصر الحديث |
| 942 |
_2ddc _cBK |
||
| 999 |
_c40165 _d40165 |
||